Städte mit "F" - Statistiken

Allgemein
  • Dieses Quiz wurde 77 mal gespielt
  • Das Durchschnittsergebnis liegt bei 10 aus 33
Antwortstatistiken
Land Stadt % Korrekt
Deutschland 🇩🇪 Frankfurt am Main
95%
Deutschland 🇩🇪 Frankfurt (Oder)
95%
Italien 🇮🇹 Florenz
77%
Deutschland 🇩🇪 Freiburg
69%
Deutschland 🇩🇪 Fulda
60%
Deutschland 🇩🇪 Fürth
54%
Marokko 🇲🇦 Fes
52%
Deutschland 🇩🇪 Flensburg
52%
USA 🇺🇸 Fort Lauderdale
45%
Portugal 🇵🇹 Faro
43%
Deutschland 🇩🇪 Fort
42%
Sierra Leone Freetown
42%
Deutschland 🇩🇪 Friedrichshafen
38%
Deutschland 🇩🇪 Füssen
38%
Brasilien 🇧🇷 Fortaleza
34%
Tuvalu 🇹🇻 Funafuti
31%
Japan 🇯🇵 Fukuoka
26%
China 🇨🇳 Fuzhou
17%
Deutschland 🇩🇪 Freital
15%
Portugal 🇵🇹 Funchal
15%
Iran 🇮🇷 Faisalabad
9%
Deutschland 🇩🇪 Falkensee
8%
USA 🇺🇸 Fresno
8%
Brasilien 🇧🇷 Florianopolis
5%
Italien 🇮🇹 Foggia
5%
Deutschland 🇩🇪 Freudenberg
3%
China 🇨🇳 Foshan
2%
Polen 🇵🇱 Frauenburg
2%
Indien 🇮🇳 Faridabad
0%
Spanien 🇪🇸 Ferrol
0%
Deutschland 🇩🇪 Flöha
0%
China 🇨🇳 Fushun
0%
Griechenland 🇬🇷 Fyli
0%
Keine übereinstimmenden Quizze gefunden
Verteilung der Resultate
Anzahl Personen mit jedem Resultat
Perzentil nach korrekt beantworteten Fragen
Ihre Resultats-Entwicklung
Sie haben dieses Quiz noch nicht gespielt